000 00933nam2a22002531 4500
001 RU\NLR\INFOCOMM15\5000234368
005 20250617115206.0
035 _a(NLR Aleph) 002583794
090 _a3299471
_c3299471
100 _a20041020f19562003|||y0rusy50 ca
101 0 _arus
_aeng
102 _aRU
105 _ay ||||000|y
200 1 _aНелинейные задачи теории плазмы и релятивистских электронных колец
_fБ.Г. Щинов
_gЛаб. вычислит. техники и автоматизации
210 _dБ.г.
_aБ. м.
461 0 _1001RU\NLR\INFOCOMM15\1000176112
_12001#$aИздания$fОбъедин. ин-т ядерных исследований$v9-5710
700 1 _aЩинов
_bБ.Г.
_4070
801 1 _aRU
_bInfoComm
_c20041130
801 0 _aRU
_bNLR
_gPSBO
852 _aNLR
_jП11/2061
942 _cISSUE
980 _aNB
980 _aRUSPER